000 00983nam a2200265Ia 4500
003 OSt
005 20220923211612.0
006 a|||||r|||| 00| 0
007 ta
008 220922b |||||||| |||| 00| 0 hin d
020 _a9799380801681 (hbk)
_c1095
024 _a255,791
037 _b237, 30/09/2011, Eastern Book Linkers
_cTextual
040 _aARTS
_cARTS
_bhin
041 _2hin
_ahin
082 _aO15v, 152Q1
100 _aतिवारी, सच्चिदानन्द
245 0 _aसंस्कृत साहित्य का इतिहास
246 _aSanskṛut sāhitya kā itihāsa
260 _aनई दिल्ली
_b शिवांक प्रकाशन
_c2011
300 _a344पृ.
_ccm.
650 _aसंस्कृत साहित्य
942 _hO15v, 152Q1
_cTEXL
_2CC
999 _c301297
_d301297